1871 1737 1351 1498 1303 1954 1644 1974 1707 1814 1889 1549 1582 1665 1366 1693 1667 1785 1822 1066 1844 1822 1021 1904 1043 1047 1091 1599 1170 1173 1627 1774 1295 1313 1841 1242 1400 1173 1858 1149 1794 1834 1793 1560 1697 1500 1599 1618 1831 1010 1310 1357 1316 1130 1606 1075 1476 1285 1342 1232 1578 1363 1004 1070 1912 1508 1333 1932 1395 1824 1342 1401 1808 1087 1531 1189 1051 1284 1533 1893 1435 1667 1265 1419 1661 1662 1141 1822 1750 1099 1229 1389 1841 1337 1028 1820 1630 1233 1084 BCNSPRNW ULIB Ver.6.0+V

เปลี่ยนเป็นภาษาไทย

Change to English
 แสดงรายละเอียดบรรณานุกรม
  กลับหน้าหลัก

Brief Record : Get Marc (ISO 2709) : E-mail record : QR code < ปิดหน้าต่าง
LEADER : 00000nam 2200000uu 4500
001    13399124766
003     ULIB
008    020711s2558 th a 000 0 tha d
020    9786167781037
050  4 DS586^bธ999พ ล.1
100    ธานัฐ ภัทรภาคร์,^eผู้รวบรวม
245    พงศาวดารสยาม เล่ม 1 กรุงสุโขทัย-กรุงศรีอยุธยา/^cธานัฐ ภัทรภาคร์,ผู้รวบรวม
260    นนทบุรี :^bคุ้มเกล้า,^c2558
300    241 หน้า;^b28.5 ซม.
650    ประวัติศาสตร์
650    พงศาวดาร
945    ^p450^l0^i23277
999    ^aทศพร เกษรทอง
รายการนี้ยังไม่มีแท็ก
คุณยังไม่ได้ล็อกอิน คุณสามารถมีกิจกรรมร่วมกับเว็บไซต์ได้ แต่ต้องล็อกอินก่อน ::
  ล็อกอิน

รายการสื่อสารสนเทศ

ลำดับที่ ประเภท เลขเรียก/บาร์โค้ด สถานที่ สถานะ
1. การศึกษาทั่วไป
การศึกษาทั่วไป
DS586 ธ999พ ล.1 ฉ.1 
  Barcode: 23277
ห้องสมุดวิทยาเขตนครสวรรค์
►หนังสือทั่วไป:l:General Books
บนชั้น

รายการใกล้เคียง
    หัวเรื่อง [ประวัติศาสตร์]
    หัวเรื่อง [พงศาวดาร]

BibComment


ยังไม่เคยถูกคอมเมนท์

คอมเมนท์ทรัพยากรรายการนี้
  คอมเมนท์: พงศาวดารสยาม เล่ม..


 Copyright 2026. Bcnsprnw @Library